Представление документа в формате RUSMARC

ПолеНазваниеЗначение
  Тип записи a
  Библиографический уровень m
001 Контрольный номер 00c1141f275e4a2ab4bc298e9d04b8ba
005 Дата корректировки 20140626125049.7
010 Индекс ISBN __
a ISBN 5-8114-0375-5
200 Заглавие и сведения об ответственности 1_
a Заглавие Менеджмент в сфере культуры
e Сведения, относящиеся к заглавию Учеб. пособие для вузов
f Первые сведения об ответственности С.-Петерб.гос.ун-т культуры и искусств
210 Выходные данные 1_
a Место издания СПб.
c Издательство Лань
d Дата издания 2001
215 Физическое описание __
a Объем 382 с.
610 Ключевые слова 0_
a Ключевые слова менеджмент в сфере культуры
610 Ключевые слова 0_
a Ключевые слова культура
610 Ключевые слова 0_
a Ключевые слова фандрейзинг
610 Ключевые слова 0_
a Ключевые слова маркетинг в сфере культуры
610 Ключевые слова 0_
a Ключевые слова планирование в сфере культуры
610 Ключевые слова 0_
a Ключевые слова персонал в сфере культуры
610 Ключевые слова 0_
a Ключевые слова гриф
686 Индексы других классификаций __
a Классификационный индекс 65.9(2)49
2 Код системы rubbk
686 Индексы других классификаций __
a Классификационный индекс 65.9(2)49-21
2 Код системы rubbk
700 Автор _1
a Фамилия Тульчинский Григорий Львович
801 Источник записи _0
a Страна RU
b Организация РУК
c Дата составления 20020314
g Правила каталогизации PSBO
801 Источник записи _1
a Страна RU
b Организация РУК
c Дата составления 20020314
g Правила каталогизации PSBO
852 Данные о местонахождении __
i Авторский знак Т82
j Шифр хранения ББК 65.9(2)49
901 Тип документа __
t Тип документа m
938 Служебная информация __
a Название организации Головной вуз
b Имя БД BOOK
c Название АИБС АИБС ИРБИС
952 Тип литературы __
b Гриф литературы для ВШ гриф